Eripe/Patokalipsa - wszystkie utwory - Statystyki

Ogólne statystyki
  • Ten quiz został rozwiązany 27 razy
  • Średni wynik to 40 z 161
Statystyki odpowiedzi
Album Odpowiedź % Poprawnych
Jestem
91%
100 linijek szaleństwa
83%
Jestem chujem
83%
Prędzej martwy niż słaby
83%
Prowo
83%
Inwazja na rap (100 linijek szaleństwa 2)
78%
Apogeum wkurwienia
74%
Gardzę samobójcami
74%
Piękny, słoneczny dzień
70%
Podium
70%
Wigilia (feat. EsZet)
70%
Mogę wypierdalać (100 linijek szaleństwa 3)
65%
Panczeon
65%
Punchline – redefinicja
65%
Deszcz
61%
Nowoczesny świat
61%
Łysy z Brazzers
52%
Modern Warfare
52%
Opium
52%
Powrót chuja
52%
Intro
48%
L.G.B.T (50 linijek nienormalności)
48%
Chamskie Rzeczy Pierdolę (Eripe)
48%
Połówka na rozgrzewkę (Intro)
48%
Tartakiada (feat. Quebonafide)
48%
50 linijek normalności (Eripe solo)
43%
Brudne wersy (feat. Penx)
43%
Cisza to mój ulubiony dźwięk
43%
Jestem Graczem
43%
Naspeedowana 16tka
43%
Nienawiść w rytmie disco
43%
Piłkarski poker
43%
Transagresja
43%
Zbyt proste (feat. Zygson)
43%
Breaking Bad
39%
Nie będziemy kolegami
39%
Oni (feat. Borsuk)
39%
Pocałuj mnie w dupe
39%
#RAIN
39%
Rozrzutnik gnoju
39%
Szczęśliwego nowego roku (Outro)
39%
Valhalla (Que Solo)
39%
Witam moi mili
39%
Bez problemu
35%
For Fun
35%
Połówka na dobicie (Outro)
35%
R.I.P.
35%
Robimy gnój (feat. Delekta)
35%
Same pozytywy
35%
Wszystko w porządku
35%
Zjadacz grzechów
35%
Życie pojebane jak telenowela (Ft. Quebonafide)
35%
Bezboleśnie
30%
Caravaggio
30%
Czasem się zastanawiam (feat. Oxon, Revo)
30%
Dynks Club (feat. Delekta)
30%
El Condor Pasa
30%
ELO KURWA
30%
Hajduszoboszlo
30%
Jeruzalem
30%
Jestem rozczarowaniem
30%
OTOPATOPEJA (feat. Peja)
30%
To chore
30%
Diego Sanchez (feat. Kojot)
26%
Katiusza (feat. Bazi, Zygson)
26%
Niecny skurwiel (Eripe)
26%
Ragnarok (Ft. Golin)
26%
Wiń siebie (feat. Uszer, Kiju, Penx)
26%
Wisielczy humor
26%
Bez dwóch zdań
22%
Droga krajowa 0.7 Blitzkrieg (Eripe)
22%
Gruby pierdolnik (Eripe)
22%
Jestem podziemiem
22%
Serial Chiller John Stockton (Eripe)
22%
Klasyka gatunku
22%
Otchłań (Eripe)
22%
Prosektorium Dextera
22%
Trajektoria Lotu
22%
Apollo Tajner
17%
Ballada o Marianie (Eripe)
17%
Jebać leszczy
17%
Jestem hardkorem
17%
Kochaj/Nienawidź (Eripe)
17%
Obrażenia zewnętrzne
17%
Rap brudzi ręce
17%
Reperkusje
17%
Rumowisko
17%
Sam se fristajluj
17%
Zapomniałem po co żyję (Eripe)
17%
Życie to nie film
17%
Co cię boli? (Ft. Hase)
13%
Gadam do rzeczy (Ft. Solar)
13%
Henryk ’75
13%
Janusz Tracz (Ft. Sarius)
13%
Jazda bez trzymanki (Ft. Bonson)
13%
Klasyka Gatunku II
13%
Niezidentyfikowany Obiekt Rapujący
13%
O chuj tu chodzi dżentelmenie jebany
13%
Plata O Plomo
13%
Yabba-Dabba-Doo! (Ft. Uszer)
13%
ZAMKNIJ MORDE JAK RAP GRA BOOTLEG Zamknij morde jak rap gra (Patokalipsa)
13%
21 Gram (feat. Golin)
9%
Armia Krajowa
9%
Dotknij mojego megazorda (Ft. Patokalipsa)
9%
Eric Djemba-Djemba (Eripe)
9%
Ewenement
9%
Głos (Ft. Bazi & PeeRZet)
9%
Hipokalipsa (feat. Hipocentrum)
9%
Kosa w serce
9%
Krzyk (Eripe)
9%
Łapać i Rzucać
9%
Ludzki lunapark (Ft. Oxon)
9%
Podium EP Mógłbym (Eripe)
9%
Patokalipsa
9%
Plan ucieczki (Ft. Świnia)
9%
Po co (Zygson, Eripe)
9%
Siewca nieczystych zamiarów (Eripe)
9%
Śpiewam i nie myślę o chorobie (Ft. Delekta)
9%
To dla ciebie kotku (Zygson, Eripe)
9%
Uliczny ślub (Eripe)
9%
Wódka jointy karabiny (feat. Fazi)
9%
Opium LP Wszystko mnie wkurwia (Eripe)
9%
Bez wczuty (Eripe)
4%
Chcę żyć (Zygson, Eripe)
4%
Odium EP Chuja wiesz o rapie (Eripe)
4%
Rap Alkohol i Narkotyki Co u ciebie (Eripe, Zygson)
4%
Ćpam powietrze (Eripe)
4%
Daj mandata (Ft. Wysoki Lot)
4%
Fundament (Eripe, Penx)
4%
GieTA (Eripe, Zygson, Delekta)
4%
Jeśli robisz rap (Zygson)
4%
Płyta Roku (Eripe x Quebo) Kim ty jesteś żeby nas uciszać (Eripe, Penx)
4%
Kto to (EsZet)
4%
Mafuria (Penx)
4%
Mic check (Eripe)
4%
Miłosne historie (Eripe)
4%
Nie toleruj nas (Eripe, Zygson)
4%
Nigdy nie mów mi nic (Eripe)
4%
Patologika (Eripe, Profesor Patoxon)
4%
Reebok or Nike (skit)
4%
Tak to bywa (Zygson)
4%
Teoria Wielkiego Wpierdolu (feat. Sarius)
4%
Serial Killers Umieram z ciekawości (Eripe, Zygson, Maldini)
4%
Zniszczenie (Eripe)
4%
Nienawiść w rytmie disco Co słychać (EsZet, Zygson, Oxon)
0%
R.I.P. Gdy wracam (EsZet, Delekta, Penx)
0%
Jeden melanż (Oxon, EsZet)
0%
Jeżeli ty (Zygson, Kojot)
0%
Mam 2 km dystansu (Delekta, Oxon, Penx, Zygson)
0%
Marysia była lekko sztywna (Zygson, Eripe)
0%
Masz to miejsce (Zygson)
0%
Młode koty (Oxon, Kizu, EsZet)
0%
Pamiętam dobrze ten dzień (Zygson, Eripe)
0%
Pies Baskervillów (Ft. Skor)
0%
Powiedz im żeby wydupcali
0%
Rozkurw na stricie (Penx)
0%
Rust of my life (Ft. Kojot)
0%
Rytm serca (Penx)
0%
Świat jest pełen niedojebów
0%
Zajawka (Penx, Zygson)
0%
Znamy (Penx, Kojot)
0%
Nie znaleziono quizów pasujących do podanych kryteriów
Rozkład punktacji
Procent ludzi z każdym wynikiem
Percentyl według liczby udzielonych odpowiedzi
Twoja historia wyników
Nie rozwiązałeś tego quizu